Normal view
MARC view
- Share, Amber
Entry Personal Name
001 - CONTROL NUMBER
- control field: 98391
003 - CONTROL NUMBER IDENTIFIER
- control field: NUST
005 - DATE AND TIME OF LATEST TRANSACTION
- control field: 20220823170154.0
008 - FIXED-LENGTH DATA ELEMENTS
- fixed length control field: 220823|| aca||aabn | a|a d
040 ## - CATALOGING SOURCE
- Original cataloging agency: NUST
- Transcribing agency: NUST
100 ## - HEADING--PERSONAL NAME
- Personal name: Share, Amber
670 ## - SOURCE DATA FOUND
- Source citation: Work cat.: (NUST)0: Share, Amber, author., Subpar parks :
